Mort subite - Villes d'Espagne et d'Amérique Latine - Statistiques

Statistiques générales
  • Ce quiz a été pris 96 fois
  • Le résultat moyen est 3 sur 15
Answers on the Grid
Answers color-coded by a green-red scale on the quiz's grid according to % correct below.
Buenos Aires
Mexico
Malaga
Guayaquil
Cordoue
Grenade
San José
Alicante
Saragosse
Murcie
Mérida
La Paz
Cuenca
Medellín
Carthagène
Pampelune
Bilbao
Barcelone
Lima
Gijón
Séville
Gérone
Ibiza
Guadalajara
Montevideo
Valence
Saint-Domingue
La Havane
Almeria
Madrid
Huelva
Quito
 
Statistiques - réponses
Réponse % Correct
Malaga
43%
Cordoue
32%
Grenade
32%
Guadalajara
22%
Barcelone
19%
Carthagène
19%
San José
19%
Saragosse
19%
Valence
19%
Madrid
16%
Séville
14%
Mérida
13%
Cuenca
5%
Medellín
5%
Pampelune
5%
Aucun quiz correspondant
Distribution des résultats
% des personnes avec chaque résultat
Percentile par nombre de réponses
Votre historique - résultats
Vous n’avez pas pris ce quiz